Archer & Armstrong (2012) #11 /

Dinosaurs! Flight 19! The lost colony of Roanoke! Alien Greys! Ambrose Bierce?! The mysterious disappearances of history have all wound up in the hollow world called The Faraway - and now so have Archer and Armstrong and their arch-nemesis! Can the Valiant Universe's greatest conspiracy-bust...

Full description

Bibliographic Details
Corporate Author: Library Pass, LLC
Other Authors: Lente, Fred Van (writer.)
Format: eBook
Language:English
Published: [United States] : Valiant Entertainment, 2021.
Subjects:
Online Access:Connect to this electronic book (First time users create your free account)

MARC

Tag First Indicator Second Indicator Subfields
LEADER 00000nmm a22000001a 4500
001 in00004615913
006 m|||||o||m||||||||
007 cr|cn |||uuuuu
008 221118s2021 xxu||||eo|||| ||||||eng d
005 20221207214837.1
035 |a (TxWaIVM)IV84702VaAr 
040 |a TxWaIVM  |c TxWaIVM 
245 0 0 |a Archer & Armstrong (2012) #11 /  |c powered by Library Pass. 
260 3 |a [United States] :  |b Valiant Entertainment,  |c 2021. 
300 |a 1 online resource. 
336 |a text  |b txt  |2 rdacontent 
337 |a computer  |b c  |2 rdamedia 
338 |a online resource  |b cr  |2 rdacarrier 
520 |a Dinosaurs! Flight 19! The lost colony of Roanoke! Alien Greys! Ambrose Bierce?! The mysterious disappearances of history have all wound up in the hollow world called The Faraway - and now so have Archer and Armstrong and their arch-nemesis! Can the Valiant Universe's greatest conspiracy-busters find their way out before they're trapped forever? And we warn you to have your insurance premiums paid up before reading the last page revelation of the origin of The Boon - because your jaw will drop! (And probably need to be reattached surgically.) 
521 |a 4 
538 |a Requires a valid library card and registration for new users. 
538 |a Mode of access: World Wide Web. 
538 |a System requirements: Flash 10.1 or higher, Windows XP and higher, Internet Explorer 7 and higher, Firefox 3.6 and higher, Google Chrome; Max OS 10.5 and higher, Safari 4 and higher. 
650 0 |a Comic books, strips, etc. 
655 7 |a Electronic books.  |2 local 
655 7 |a Comic books, strips, etc.  |2 gsafd 
650 0 |a Humor 
655 7 |a Humor  |2 gsafd 
650 0 |a Comic books, strips, etc. --Mythology 
655 7 |a Comic books, strips, etc. --Mythology  |2 gsafd 
650 0 |a Comic books, strips, etc. --Superheroes 
655 7 |a Comic books, strips, etc. --Superheroes  |2 gsafd 
700 1 |a Lente, Fred Van.  |e writer. 
700 1 |a Perez, Pere.  |e artist. 
710 2 |a Library Pass, LLC. 
856 4 0 |u http://proxy.library.tamu.edu/login?url=https://tamu.librarypass.com/product/com.iversecomics.valiant.entertainment.archer.armstrong.2012.eleven.english.10222021  |z Connect to this electronic book (First time users create your free account)  |t 0 
955 |a Comics Plus. 
999 f f |s e28e993c-c194-43f0-90b4-b6cb7f23343d  |i fb177f6f-090c-48ac-a2dc-5cdba24f8609  |t 0 
952 f f |a Texas A&M University  |b College Station  |c Electronic Resources  |d Available Online  |t 0  |h Library of Congress classification 
998 f f |t 0  |l Available Online